<?xml version="1.0" encoding="UTF-8"?>
<record
    xmlns:xsi="http://www.w3.org/2001/XMLSchema-instance"
    xsi:schemaLocation="http://www.loc.gov/MARC21/slim http://www.loc.gov/standards/marcxml/schema/MARC21slim.xsd"
    xmlns="http://www.loc.gov/MARC21/slim">

  <leader>00760nam a22001577a 4500</leader>
  <controlfield tag="003">OSt</controlfield>
  <controlfield tag="005">20151024091412.0</controlfield>
  <controlfield tag="008">151024b        xxu||||| |||| 00| 0 eng d</controlfield>
  <datafield tag="040" ind1=" " ind2=" ">
    <subfield code="c">RUA </subfield>
  </datafield>
  <datafield tag="082" ind1=" " ind2=" ">
    <subfield code="a">AVM HEN 2012 B0101 Or.1</subfield>
  </datafield>
  <datafield tag="100" ind1=" " ind2=" ">
    <subfield code="9">2720</subfield>
    <subfield code="a">HENG MAKARA</subfield>
  </datafield>
  <datafield tag="245" ind1=" " ind2=" ">
    <subfield code="a">Effect of levamisole and pyrantel on toxocara vitulorum in local calf at dunkeo city, takeo province, (&#x1794;&#x17D2;&#x179A;&#x179F;&#x17B8;&#x1791;&#x17D2;&#x1792;&#x1797;&#x17B6;&#x1796;&#x1793;&#x17C3; Levamisole &#x1793;&#x17B7;&#x1784;&#x200B; pyrantel &#x1791;&#x17C5;&#x179B;&#x17BE;&#x1780;&#x17B6;&#x179A;&#x1791;&#x1798;&#x17D2;&#x179B;&#x17B6;&#x1780;&#x17CB; Toxocara vitulorum &#x1780;&#x17D2;&#x1793;&#x17BB;&#x1784;&#x1780;&#x17BC;&#x1793;&#x1782;&#x17C4;&#x1796;&#x17BC;&#x1787;&#x1780;&#x17D2;&#x1793;&#x17BB;&#x1784;&#x179F;&#x17D2;&#x179A;&#x17BB;&#x1780; &#x1793;&#x17C5;&#x1780;&#x17D2;&#x1793;&#x17BB;&#x1784;&#x1780;&#x17D2;&#x179A;&#x17BB;&#x1784;&#x178A;&#x17BC;&#x1793;&#x1780;&#x17C2;&#x179C; &#x1781;&#x17C1;&#x178F;&#x17D2;&#x178F;&#x178F;&#x17B6;&#x1780;&#x17C2;&#x179C;)</subfield>
  </datafield>
  <datafield tag="260" ind1=" " ind2=" ">
    <subfield code="a">phnom penh </subfield>
    <subfield code="b">rua </subfield>
    <subfield code="c">2012</subfield>
  </datafield>
  <datafield tag="300" ind1=" " ind2=" ">
    <subfield code="a">xi, 57p.</subfield>
    <subfield code="b">ill.</subfield>
    <subfield code="c">29cm.</subfield>
  </datafield>
  <datafield tag="942" ind1=" " ind2=" ">
    <subfield code="2">ddc</subfield>
    <subfield code="c">AVM</subfield>
  </datafield>
  <datafield tag="999" ind1=" " ind2=" ">
    <subfield code="c">2545</subfield>
    <subfield code="d">2545</subfield>
  </datafield>
  <datafield tag="952" ind1=" " ind2=" ">
    <subfield code="0">0</subfield>
    <subfield code="1">0</subfield>
    <subfield code="2">ddc</subfield>
    <subfield code="4">0</subfield>
    <subfield code="6">AVM_HEN_2012_000000000000000_B0101_OR_1</subfield>
    <subfield code="7">0</subfield>
    <subfield code="9">11734</subfield>
    <subfield code="a">LBB</subfield>
    <subfield code="b">LBB</subfield>
    <subfield code="c">B101</subfield>
    <subfield code="d">2015-10-24</subfield>
    <subfield code="o">AVM HEN 2012 B0101 Or.1</subfield>
    <subfield code="p">RUA018321</subfield>
    <subfield code="r">2015-10-24</subfield>
    <subfield code="w">2015-10-24</subfield>
    <subfield code="y">AVM</subfield>
  </datafield>
  <datafield tag="952" ind1=" " ind2=" ">
    <subfield code="0">0</subfield>
    <subfield code="1">0</subfield>
    <subfield code="2">ddc</subfield>
    <subfield code="4">0</subfield>
    <subfield code="6">AVM_HEN_2012_000000000000000_B0101_OR_2</subfield>
    <subfield code="7">0</subfield>
    <subfield code="9">11735</subfield>
    <subfield code="a">LBB</subfield>
    <subfield code="b">LBB</subfield>
    <subfield code="c">B101</subfield>
    <subfield code="d">2015-10-24</subfield>
    <subfield code="o">AVM HEN 2012 B0101 Or.2</subfield>
    <subfield code="p">RUA009094</subfield>
    <subfield code="r">2015-10-24</subfield>
    <subfield code="w">2015-10-24</subfield>
    <subfield code="y">AVM</subfield>
  </datafield>
  <datafield tag="952" ind1=" " ind2=" ">
    <subfield code="0">0</subfield>
    <subfield code="1">0</subfield>
    <subfield code="2">ddc</subfield>
    <subfield code="4">0</subfield>
    <subfield code="6">AVM_HEN_2012_000000000000000_B0101_OR_3</subfield>
    <subfield code="7">0</subfield>
    <subfield code="9">11736</subfield>
    <subfield code="a">LBB</subfield>
    <subfield code="b">LBB</subfield>
    <subfield code="c">B101</subfield>
    <subfield code="d">2015-10-24</subfield>
    <subfield code="l">3</subfield>
    <subfield code="o">AVM HEN 2012 B0101 Or.3</subfield>
    <subfield code="p">RUA009173</subfield>
    <subfield code="r">2018-05-30</subfield>
    <subfield code="s">2018-05-21</subfield>
    <subfield code="w">2015-10-24</subfield>
    <subfield code="y">AVM</subfield>
  </datafield>
  <datafield tag="952" ind1=" " ind2=" ">
    <subfield code="0">0</subfield>
    <subfield code="1">0</subfield>
    <subfield code="2">ddc</subfield>
    <subfield code="4">0</subfield>
    <subfield code="6">AVM_HEN_2012_000000000000000_B0101_OR_4</subfield>
    <subfield code="7">0</subfield>
    <subfield code="9">11737</subfield>
    <subfield code="a">LBB</subfield>
    <subfield code="b">LBB</subfield>
    <subfield code="c">B101</subfield>
    <subfield code="d">2015-10-24</subfield>
    <subfield code="l">2</subfield>
    <subfield code="m">1</subfield>
    <subfield code="o">AVM HEN 2012 B0101 Or.4</subfield>
    <subfield code="p">RUA018890</subfield>
    <subfield code="r">2018-02-26</subfield>
    <subfield code="s">2018-02-03</subfield>
    <subfield code="w">2015-10-24</subfield>
    <subfield code="y">AVM</subfield>
  </datafield>
  <datafield tag="952" ind1=" " ind2=" ">
    <subfield code="0">0</subfield>
    <subfield code="1">0</subfield>
    <subfield code="2">ddc</subfield>
    <subfield code="4">0</subfield>
    <subfield code="6">AVM_HEN_2012_000000000000000_B0101_OR_5</subfield>
    <subfield code="7">0</subfield>
    <subfield code="9">11738</subfield>
    <subfield code="a">LBB</subfield>
    <subfield code="b">LBB</subfield>
    <subfield code="c">B101</subfield>
    <subfield code="d">2015-10-24</subfield>
    <subfield code="o">AVM HEN 2012 B0101 Or.5</subfield>
    <subfield code="p">RUA018962</subfield>
    <subfield code="r">2015-10-24</subfield>
    <subfield code="w">2015-10-24</subfield>
    <subfield code="y">AVM</subfield>
  </datafield>
  <datafield tag="952" ind1=" " ind2=" ">
    <subfield code="0">0</subfield>
    <subfield code="1">0</subfield>
    <subfield code="2">ddc</subfield>
    <subfield code="4">0</subfield>
    <subfield code="6">AVM_HEN_2012_000000000000000_B0101_OR_6</subfield>
    <subfield code="7">0</subfield>
    <subfield code="9">11739</subfield>
    <subfield code="a">LBB</subfield>
    <subfield code="b">LBB</subfield>
    <subfield code="c">B101</subfield>
    <subfield code="d">2015-10-24</subfield>
    <subfield code="l">5</subfield>
    <subfield code="m">3</subfield>
    <subfield code="o">AVM HEN 2012 B0101 Or.6</subfield>
    <subfield code="p">RUA018942</subfield>
    <subfield code="r">2019-05-11</subfield>
    <subfield code="s">2019-04-02</subfield>
    <subfield code="w">2015-10-24</subfield>
    <subfield code="y">AVM</subfield>
  </datafield>
  <datafield tag="952" ind1=" " ind2=" ">
    <subfield code="0">0</subfield>
    <subfield code="1">0</subfield>
    <subfield code="2">ddc</subfield>
    <subfield code="4">0</subfield>
    <subfield code="6">AVM_HEN_2012_000000000000000_B1_234_OR_1</subfield>
    <subfield code="7">0</subfield>
    <subfield code="9">78898</subfield>
    <subfield code="a">LBB</subfield>
    <subfield code="b">LBB</subfield>
    <subfield code="c">B1.234</subfield>
    <subfield code="d">2019-06-11</subfield>
    <subfield code="o">AVM HEN 2012 B1.234 Or.1</subfield>
    <subfield code="p">A40416</subfield>
    <subfield code="r">2019-06-11</subfield>
    <subfield code="w">2019-06-11</subfield>
    <subfield code="y">AVM</subfield>
  </datafield>
</record>
